Normal view
MARC view
Entry Meeting Name
001 - CONTROL NUMBER
- control field: 977914
003 - CONTROL NUMBER IDENTIFIER
- control field:
005 - DATE AND TIME OF LATEST TRANSACTION
- control field: 20210627113154.0
008 - FIXED-LENGTH DATA ELEMENTS
- fixed length control field: 210627|| aca||aabn | a|a d
040 ## - CATALOGING SOURCE
- Original cataloging agency:
- Transcribing agency:
111 ## - HEADING--MEETING NAME
- Meeting name or jurisdiction name as entry element: International Conference on Few Particle Problems in the Nuclear Interaction
- Date of meeting or treaty signing: (1972 :
- Location of meeting: Los Angeles, Calif.)
670 ## - SOURCE DATA FOUND
- Source citation: Work cat.: ()857573: International Conference on Few Particle Problems in the Nuclear Interaction (1972 : Los Angeles, Calif.), Few particle problems in the nuclear interaction :, c1972
